Path Player Games Analysis and Applications /

A path player game is a new innovative type of game which considers network flow problems from the viewpoint of network owners. This strategy enables modeling real-world problems and has many practical applications. Key features: * Presents a rigorous exposition of the theoretical foundations of the...

Full description

Bibliographic Details
Main Author: Schwarze, Silvia (Author)
Corporate Author: SpringerLink (Online service)
Format: Electronic eBook
Language:English
Published: Boston, MA : Springer US, 2009.
Series:Springer Optimization and Its Applications, 24
Subjects:
Online Access:Full Text via HEAL-Link
LEADER 02610nam a22005295i 4500
001 978-0-387-77928-7
003 DE-He213
005 20151204153438.0
007 cr nn 008mamaa
008 100301s2009 xxu| s |||| 0|eng d
020 |a 9780387779287  |9 978-0-387-77928-7 
024 7 |a 10.1007/978-0-387-77928-7  |2 doi 
040 |d GrThAP 
050 4 |a QA402-402.37 
050 4 |a T57.6-57.97 
072 7 |a KJT  |2 bicssc 
072 7 |a KJM  |2 bicssc 
072 7 |a BUS049000  |2 bisacsh 
072 7 |a BUS042000  |2 bisacsh 
082 0 4 |a 519.6  |2 23 
100 1 |a Schwarze, Silvia.  |e author. 
245 1 0 |a Path Player Games  |h [electronic resource] :  |b Analysis and Applications /  |c by Silvia Schwarze. 
264 1 |a Boston, MA :  |b Springer US,  |c 2009. 
300 |a X, 168 p.  |b online resource. 
336 |a text  |b txt  |2 rdacontent 
337 |a computer  |b c  |2 rdamedia 
338 |a online resource  |b cr  |2 rdacarrier 
347 |a text file  |b PDF  |2 rda 
490 1 |a Springer Optimization and Its Applications,  |x 1931-6828 ;  |v 24 
505 0 |a The path player Game -- Games on Polyhedra A Generalization -- The Line Planning Game: An Application -- Summary. 
520 |a A path player game is a new innovative type of game which considers network flow problems from the viewpoint of network owners. This strategy enables modeling real-world problems and has many practical applications. Key features: * Presents a rigorous exposition of the theoretical foundations of the concept of a path player game; * Suggests 18 practical open problems for future research in such areas as traffic planning, computation of equilibria, and optimization; * Examines potentials for games on polyhedra as well as integer versions of generalized Nash equilibria. Written clearly, with well-presented mathematics, this book is intended for graduate students, mathematicians, engineers, and computer scientists. 
650 0 |a Mathematics. 
650 0 |a Mathematical optimization. 
650 0 |a Operations research. 
650 0 |a Management science. 
650 0 |a Economic theory. 
650 1 4 |a Mathematics. 
650 2 4 |a Operations Research, Management Science. 
650 2 4 |a Economic Theory/Quantitative Economics/Mathematical Methods. 
650 2 4 |a Optimization. 
710 2 |a SpringerLink (Online service) 
773 0 |t Springer eBooks 
776 0 8 |i Printed edition:  |z 9780387779270 
830 0 |a Springer Optimization and Its Applications,  |x 1931-6828 ;  |v 24 
856 4 0 |u http://dx.doi.org/10.1007/978-0-387-77928-7  |z Full Text via HEAL-Link 
912 |a ZDB-2-SMA 
950 |a Mathematics and Statistics (Springer-11649)